| Tag |
First Indicator |
Second Indicator |
Subfields |
| LEADER |
00000cam a2200000 a 4500 |
| 001 |
in00000347321 |
| 005 |
20151011062604.0 |
| 008 |
811215s1981 enk b 00010 eng |
| 010 |
|
|
|a 80041849
|
| 015 |
|
|
|a GB***
|
| 020 |
|
|
|a 0080253571
|
| 035 |
|
|
|a (OCoLC)08110355
|
| 035 |
|
|
|9 ABN0732AM
|
| 040 |
|
|
|a DLC
|c DLC
|d m/c
|d TXA
|d UtOrBLW
|
| 049 |
|
|
|a TXAM
|c [953477]
|
| 050 |
0 |
0 |
|a PB36
|b .H63 1981
|
| 082 |
0 |
|
|a 418/.007
|2 19
|
| 100 |
1 |
|
|a Holec, Henri.
|
| 245 |
1 |
0 |
|a Autonomy and foreign language learning /
|c prepared for the Council of Europe by Henri Holec.
|
| 264 |
|
1 |
|a Oxford ;
|a New York :
|b Published for and on behalf of the Council of Europe by Pergamon Press,
|c 1981.
|
| 300 |
|
|
|a v, 53 pages ;
|c 25 cm.
|
| 336 |
|
|
|a text
|b txt
|2 rdacontent
|
| 337 |
|
|
|a unmediated
|b n
|2 rdamedia
|
| 338 |
|
|
|a volume
|b nc
|2 rdacarrier
|
| 490 |
1 |
|
|a Council of Europe modern languages project
|
| 504 |
|
|
|a Bibliography: pages 50-51.
|
| 650 |
|
0 |
|a Languages, Modern
|x Study and teaching.
|
| 650 |
|
0 |
|a Independent study.
|
| 710 |
2 |
|
|a Council of Europe.
|
| 830 |
|
0 |
|a Council of Europe modern languages project.
|
| 999 |
|
|
|a MARS
|
| 999 |
f |
f |
|s 642f1dc1-b5d3-3630-bb37-cd35f82bfd47
|i 814846fc-9641-32de-9721-393eebc88041
|t 0
|
| 952 |
f |
f |
|p normal
|a Texas A&M University
|b College Station
|c Sterling C. Evans Library
|d Evans: Library Stacks
|t 0
|e PB36 .H63 1981
|h Library of Congress classification
|i unmediated -- volume
|m A14807385903
|
| 998 |
f |
f |
|a PB36 .H63 1981
|t 0
|l Evans: Library Stacks
|